00582nam a22001577a 450000500170000001000150001702000260003203500140005803700130007208200110008524501480009626000340024427000990027830000210037770000260039820220404145345.0 aENG-132220 a9789292209123c899.00 aEN-115752 bDBAD/PUB a954.09 aWar Despatches 1971:bFrom Young Army, Navy and Air Force Officer Commisioned For Combat (along with the June '66 Batch)/cEdited by B.S. Mehta aNoidabBluOne India LLPc2022 a306, Tower-I, Assotech Busness Cresterra, Plot No. 22, Sector 135bNoidampublisher@bluone.ink a368p.c24cm(hbk) aEDited by Mehta, B.S.